[Event "ICS rated blitz match"]
[Site "164.58.253.13"]
[Date "1997.02.08"]
[Round "-"]
[White "Brause"]
[Black "PoindexterIII"]
[Result "1-0"]
[WhiteElo "2297"]
[BlackElo "1827"]
[TimeControl "120+12"]

1. e4 e6 2. d4 d5 3. c4 dxe4 4. Nc3 Bb4 5. Qb3 Bxc3+ 6. Qxc3 Nf6 7. Qg3 Nh5
8. Qg4 Nf6 9. Qxg7 Rg8 10. Qh6 Qxd4 11. Qf4 Nbd7 12. Qxc7 Ne5 13. Nh3 Bd7
14. Qxb7 Bc6 15. Qc7 Ba4 16. Bf4 Nd3+ 17. Bxd3 Qxd3 18. Bd6 Nd7 19. Nf4 Qd4
20. O-O Qg7 21. b3 e5 22. Qb7 Rd8 23. bxa4 exf4 24. Qxe4+ Ne5 25. Bxe5 Qg6
26. Qb7 Kf8 27. Rad1 Re8 28. Qb4+ Re7 29. Rd8#
{PoindexterIII checkmated} 1-0

[Event "ICS game"]
[Site "164.58.253.13"]
[Date "1997.02.09"]
[Round "-"]
[White "Brause"]
[Black "CoolIce"]
[Result "1-0"]
[WhiteElo "2300"]
[BlackElo "2282"]
[TimeControl "300"]

1. e4 e6 2. d4 d5 3. c4 dxe4 4. Nc3 Nf6 5. Be3 Be7 6. Be2 O-O 7. Nh3 Nc6 8.
Ng5 e5 9. d5 Nd4 10. Bxd4 exd4 11. Qxd4 Bf5 12. Qe5 Bg6 13. Ngxe4 Nxe4 14.
Nxe4 Bb4+ 15. Nc3 Re8 16. Qd4 Qe7 17. Qd2 c6 18. d6 Bxd6 19. O-O Rad8 20.
Qc1 Qh4 21. g3 Qd4 22. Rd1 Qb6 23. Bf1 Bc5 24. Rd2 Rxd2 25. Qxd2 Rd8 26.
Qe2 Bd3 27. Qf3 Bxf1 28. Rxf1 Qxb2 29. Rb1 Bxf2+ 30. Kh1 Qc2 31. Rf1 Rd3
32. Rxf2 Rxf3 33. Rxc2 f5 34. Kg2 Rd3 35. Kf2 Kf7 36. c5 Ke6 37. Ne2 g5 38.
Rb2 Rd7 39. Ke3 Ke5 40. Rb4 Re7 41. Ra4 Kd5+ 42. Kd3 a6 43. Nc3+ Kxc5 44.
Ra5+ b5 45. Rxa6 Rd7+ 46. Ke3 Re7+ 47. Kf3 h5 48. a3 Kd4 49. Ne2+ Kd3 50.
Nc1+ Kd2 51. Nb3+ Kc3 52. Nc5 Kd4 53. Rxc6 Re3+ 54. Kf2 Rxa3 55. Ne6+ Kd5
56. Rb6 Ra2+
{CoolIce forfeits on time} 1-0

[Event "ICS rated blitz match"]
[Site "164.58.253.13"]
[Date "1997.02.09"]
[Round "-"]
[White "Brause"]
[Black "CoolIce"]
[Result "0-1"]
[WhiteElo "2306"]
[BlackElo "2271"]
[TimeControl "180+5"]

1. e4 e6 2. d4 d5 3. c4 dxe4 4. Nc3 Nf6 5. Be3 Be7 6. Qc2 Nc6 7. Rd1 Nb4 8.
Qb1 Nd3+ 9. Bxd3 exd3 10. Nf3 O-O 11. O-O b6 12. Qxd3 Bb7 13. d5 exd5 14.
Nxd5 Nxd5 15. cxd5 a5 16. Qf5 Bf6 17. Ne5 g6 18. Qe4 Re8 19. f4 Bg7 20. Qf3
Qe7 21. Rd3 Ba6 22. Nc6 Qe4 23. Rb3 Bxf1 24. Qxe4 Rxe4 25. Kxf1 a4 26. Rd3
Bxb2 27. Kf2 Bf6 28. g3 Rc4 29. Kg1 a3 30. Rd2 Re8 31. Kf2 Rc3 32. Re2 Kg7
33. f5 Rexe3 34. Rxe3 Rxc6 35. dxc6 Bd4 36. fxg6 fxg6 37. Kf3 Bxe3 38. Kxe3
Kf6 39. Kd4 Ke6 40. Kc4 Kd6 41. Kb4 Kxc6 42. Kxa3 Kd5 43. Kb2 c5 44. Kc3 b5
45. a3 Ke4 46. g4 g5 47. h3 Kf3 48. Kd3 c4+ 49. Kc3 Kg3 50. Kd4 Kxh3 51.
Ke4 Kxg4 52. Ke3 h5 53. Kd4 h4 54. a4 bxa4 55. Kxc4 h3 56. Kc3 h2 57. Kb4
h1=Q 58. Kxa4 Qb1 59. Ka5 Qb3 60. Ka6 Qb4 61. Ka7 Qb5 62. Ka8 Kf5 63. Ka7
Ke6 64. Ka8 Kd7 65. Ka7 Kc7 66. Ka8 Qb7#
{Brause checkmated} 0-1

[Event "ICS rated blitz match"]
[Site "164.58.253.13"]
[Date "1997.02.09"]
[Round "-"]
[White "Brause"]
[Black "CoolIce"]
[Result "0-1"]
[WhiteElo "2306"]
[BlackElo "2265"]
[TimeControl "180+1"]

1. e4 e6 2. d4 d5 3. c4 dxe4 4. Nc3 Nf6 5. Be3 Be7 6. Qc2 Nc6 7. d5 exd5 8.
cxd5 Nb4 9. Qa4+ Bd7 10. Qb3 O-O 11. a3 Nd3+ 12. Bxd3 exd3 13. Nf3 b6 14.
Qc4 Bf5 15. O-O Bd6 16. Nd4 Bg6 17. Nc6 Qd7 18. h3 Rfe8 19. Rfe1 h6 20. Bd2
Qf5 21. Nd4 Qh5 22. Nc6 Bc5 23. b4 Bd6 24. Rac1 Qf5 25. Rxe8+ Rxe8 26. Qd4
Qd7 27. Bxh6 gxh6 28. Qxf6 d2 29. Rf1 Qf5 30. Qxf5 Bxf5 31. f3 Bd3 32. Rd1
Bg3 33. Ne4 Bxe4 34. Ne7+ Rxe7 35. d6 cxd6 36. Rxd2 Bc6 37. Rd1 Re2 38. Rc1
Kg7 39. Kf1 Bb5 40. Kg1 d5 41. Rf1 d4 42. h4 d3 43. a4 d2 44. Kh1 Re1 45.
Rg1 d1=Q 46. Rxe1 Qxe1#
{Brause checkmated} 0-1

[Event "ICS rated blitz match"]
[Site "164.58.253.13"]
[Date "1997.02.09"]
[Round "-"]
[White "Brause"]
[Black "CoolIce"]
[Result "1-0"]
[WhiteElo "2306"]
[BlackElo "2266"]
[TimeControl "180+2"]

1. e4 e6 2. d4 d5 3. c4 dxe4 4. Nc3 Nf6 5. Be3 Be7 6. Qc2 Nc6 7. d5 exd5 8.
cxd5 Nb4 9. Qa4+ Bd7 10. Qb3 O-O 11. a3 Nd3+ 12. Bxd3 exd3 13. Nf3 c6 14.
Ne5 cxd5 15. O-O Bc6 16. Bd4 Ne4 17. Rad1 Nc5 18. Qa2 Ne6 19. Rxd3 Nxd4 20.
Rxd4 Bf6 21. f4 Qb6 22. Rd1 Rae8 23. Nxd5 Bxd5 24. Qxd5 Qxb2 25. Rb4 Qxa3
26. Rb3 Qa4 27. Nd7 Qxf4 28. Nxf8 Bd4+ 29. Kh1 Qf2 30. Rbb1 Kxf8 31. Rf1
{CoolIce resigns} 1-0

[Event "ICS rated blitz match"]
[Site "164.58.253.13"]
[Date "1997.02.09"]
[Round "-"]
[White "Brause"]
[Black "CME"]
[Result "1/2-1/2"]
[WhiteElo "2303"]
[BlackElo "2019"]
[TimeControl "300"]

1. e4 e6 2. d4 d5 3. c4 dxe4 4. Nc3 Nf6 5. Be3 Bb4 6. Qb3 a5 7. a3 Bxc3+ 8.
Qxc3 O-O 9. Bg5 Nbd7 10. Qg3 c5 11. dxc5 Nxc5 12. Rd1 Qe7 13. Qe5 Ncd7 14.
Qxe4 Qxa3 15. Bxf6 Nxf6 16. Qxh7+ Kxh7 17. bxa3 Bd7 18. c5 Bc6 19. Nh3 Rad8
20. Rxd8 Rxd8 21. f3 Rd5 22. Nf4 Rxc5 23. Bd3+ g6 24. Ke2 Nd5 25. Nxd5 Bxd5
26. Kd2 b5 27. h4 Kg7 28. h5 Bc4 29. h6+ Kh7 30. Be4 Bd5 31. Bd3 b4 32.
axb4 axb4 33. Ke3 b3 34. g4 b2 35. Rb1 Rc3 36. Rxb2 Bc4 37. Kd4 Rxd3+ 38.
Kxc4 Rxf3 39. g5 Rf5 40. Rg2 f6 41. Re2 e5 42. gxf6 Rxf6 43. Rh2 Rf5 44.
Kd5 Rh5 45. Rxh5 gxh5 46. Kxe5 h4 47. Kf4 h3 48. Kg3 h2 49. Kxh2 Kxh6
{Neither player has mating material} 1/2-1/2

[Event "ICS rated blitz match"]
[Site "164.58.253.13"]
[Date "1997.02.09"]
[Round "-"]
[White "Brause"]
[Black "CME"]
[Result "0-1"]
[WhiteElo "2299"]
[BlackElo "2051"]
[TimeControl "300+3"]

1. e4 e6 2. d4 d5 3. c4 dxe4 4. Nc3 Nf6 5. Be3 Na6 6. d5 Bb4 7. Qd4 exd5 8.
cxd5 Qxd5 9. Bxa6 Qxd4 10. Bxd4 bxa6 11. O-O-O Bg4 12. Re1 Bf5 13. Bxf6
gxf6 14. Re3 O-O-O 15. Nxe4 Rhe8 16. Nc3 Rxe3 17. fxe3 Bxc3 18. bxc3 Rd3
19. Ne2 Rxe3 20. Kd2 Rd3+ 21. Ke1 Bg4 22. Rf1 f5 23. Rf2 Re3 24. Kd2 Rxe2+
25. Rxe2 Bxe2 26. Kxe2 Kd7 27. Ke3 Ke6 28. Kd4 Kd6 29. g3 c5+ 30. Kc4 Kc6
31. a3 a5 32. a4 a6 33. Kd3 Kd5 34. c4+ Ke6 35. Ke3 Ke5 36. h3 f6 37. h4 h5
38. Kf3 Kd4 39. Kf4 Kxc4 40. Kxf5 Kb4 41. g4 hxg4 42. Kxg4 c4 43. Kf3 c3
44. Ke2 Kb3 45. Kd1 Kb2 46. Ke2 c2 47. h5 c1=Q 48. Kf3 Qh6 49. Ke4 f5+ 50.
Kxf5 Qxh5+ 51. Kf4 Kc3 52. Ke4 Qc5 53. Kf3 Kd3 54. Kf4 Qe7 55. Kf5 Kd4 56.
Kg6 Ke5 57. Kh5 Qg7 58. Kh4 Kf4 59. Kh3 Qg3#
{Brause checkmated} 0-1

[Event "ICS rated blitz match"]
[Site "164.58.253.13"]
[Date "1997.02.09"]
[Round "-"]
[White "Brause"]
[Black "Bender"]
[Result "0-1"]
[WhiteElo "2297"]
[BlackElo "1973"]
[TimeControl "120+12"]

1. e4 e6 2. d4 d5 3. c4 dxe4 4. Nc3 Nf6 5. Be3 Be7 6. Be2 Nbd7 7. Nh3 O-O
8. O-O e5 9. Ng5 h6 10. Ngxe4 Nxe4 11. Nxe4 f5 12. Nc3 e4 13. c5 c6 14.
Bc4+ Kh8 15. Bf4 Nf6 16. b4 Nd5 17. Bxd5 cxd5 18. Qh5 Kh7 19. f3 Be6 20.
Nb5 Qd7 21. Nd6 g5 22. Be5 Bxd6 23. Bxd6 Rf6 24. fxe4 dxe4 25. Be5 Rg6 26.
Rfe1 Bd5 27. a3 a6 28. Re2 Rf8 29. Rd1 Rf7 30. Rdd2 Qa4 31. Re3 f4 32. Re1
Qxa3 33. b5 axb5 34. Rf2 e3 35. Rff1 b4 36. Qg4 Qd3 37. Qc8 Rg8 38. Qg4 b3
39. Rd1 Qe4 40. Rfe1 Ra8 41. Re2 Qf5 42. Qxf5+ Rxf5 43. Rc1 Be4 44. h4 Bd3
45. Rb2 Bc2 46. hxg5 hxg5 47. Kf1 Ra2 48. Rxa2 bxa2 49. Ra1 Bb1 50. c6 bxc6
51. Ke2 Rxe5 52. dxe5 Kg6 53. e6 Kf6 54. e7 Kxe7 55. g3 c5 56. Kf3 c4 57.
gxf4 gxf4 58. Ke2 Kd6 59. Ke1 f3 60. Kd1 Ke5 61. Ke1 Kd4 62. Kf1 Kc3 63.
Kg1 Kb2 64. Rxa2+ Kxa2 65. Kh2 f2 66. Kg3 f1=Q 67. Kg4 e2 68. Kh4 e1=Q+ 69.
Kh5 Qg2 70. Kh6 Qeh1#
{Brause checkmated} 0-1

[Event "ICS rated blitz match"]
[Site "164.58.253.13"]
[Date "1997.02.09"]
[Round "-"]
[White "Brause"]
[Black "Vampire"]
[Result "1-0"]
[WhiteElo "2293"]
[BlackElo "2010"]
[TimeControl "180+6"]

1. e4 e6 2. d4 d5 3. c4 dxe4 4. Nc3 Nf6 5. Be3 Bb4 6. Qb3 Nc6 7. a3 Bxc3+
8. Qxc3 O-O 9. Be2 a5 10. Rd1 Qe7 11. d5 exd5 12. cxd5 Nd8 13. Bc5 Qd7 14.
Bxf8 Kxf8 15. Qe5 b6 16. Bc4 Bb7 17. Rd4 Ba6 18. Bxa6 Rxa6 19. Ne2 Nb7 20.
O-O Nd6 21. Rc1 Ra7 22. Nf4 Qe7 23. Qxe7+ Kxe7 24. Rd2 Kd7 25. h3 Nb5 26.
Kf1 Ra8 27. Ke1 Ra7 28. Rcc2 Ra8 29. Rc6 Ra7 30. Kf1 Nd6 31. Rc1 Nb5 32.
Rc4 Nd6 33. Rcc2 Nb5 34. Rd1 Nd6 35. Rc3 Nb5 36. Rc6 Nd6 37. Rc2 Nb5 38.
Ne2 Ra8 39. Nc3 Nd6 40. Rdc1 Ra7 41. g4 h6 42. Ke1 Rb7 43. b4 axb4 44. axb4
Ra7 45. Kf1 Ra3 46. Rb1 Ra7 47. Re1 Ra3 48. Rd1 Rb3 49. Rd4 Ra3 50. Ke1
Ra1+ 51. Rd1 Ra3 52. Ke2 Rb3 53. Rd4 Ra3 54. Kd2 Rb3 55. Ke1 Ra3 56. Kd1
Ra1+ 57. Rc1 Ra3 58. Kc2 Ra2+ 59. Nxa2
{Vampire resigns} 1-0

[Event "ICS rated blitz match"]
[Site "192.231.221.16"]
[Date "1997.02.10"]
[Round "-"]
[White "Brause"]
[Black "TwilightZone"]
[Result "0-1"]
[WhiteElo "2340"]
[BlackElo "2295"]
[TimeControl "120+12"]

1. e4 e6 2. d4 d5 3. c4 dxe4 4. Nc3 Bb4 5. Be3 Nf6 6. Qb3 Na6 7. c5 Bxc3+
8. bxc3 Nb8 9. Bb5+ c6 10. Bc4 Nd5 11. Bc1 O-O 12. Ne2 b5 13. cxb6 axb6 14.
Ng3 b5 15. Be2 Qa5 16. Nxe4 f5 17. Nd6 Qxc3+ 18. Qxc3 Nxc3 19. Bg5 Nd5 20.
Bf3 Ra7 21. Bxd5 exd5 22. O-O h6 23. Bf4 Ra4 24. Rfd1 g5 25. Be5 Nd7 26. f4
Nb6 27. fxg5 hxg5 28. h3 Nc4 29. Nxc4 dxc4 30. d5 cxd5 31. Rxd5 b4 32. Rc5
Ba6 33. Rc6 Re8 34. Rg6+ Kh7 35. Rg7+ Kh6 36. Bf6 b3 37. a3 Re2 38. Rxg5 b2
39. Rb1 c3 40. Rg3 c2 41. Bg5+ Kh5 42. Rxb2 f4 43. Rc3 c1=Q+ 44. Rxc1 Rxb2
45. Rc5 Kg6 46. h4 Bb7 47. h5+ Kg7 48. Rc7+ Kg8 49. h6 Rxg2+ 50. Kf1 Rxg5
51. Rxb7 Rxa3 52. Rb6 Kh7 53. Kf2 f3 54. Rb7+ Kxh6 55. Rb6+ Kh5 56. Kf1 Kg4
57. Kf2 Ra2+ 58. Ke3 f2 59. Rb1 Re5+ 60. Kd3 Re1 61. Rb4+ Kf3 62. Kd4 f1=Q
63. Rb3+ Kf4 64. Rb4 Re4+ 65. Kd5 Qd3+ 66. Kc5 Ra5+ 67. Kb6 Rxb4+ 68. Kc6
Qc3+ 69. Kd6 Rd4+ 70. Ke6 Re5+ 71. Kf6 Qc6+ 72. Kf7 Rd7+ 73. Kg8 Qc8#
{Brause checkmated} 0-1

[Event "ICS rated lightning match"]
[Site "164.58.253.13"]
[Date "1997.02.10"]
[Round "-"]
[White "Brause"]
[Black "Gallego"]
[Result "1-0"]
[WhiteElo "2371"]
[BlackElo "1611"]
[TimeControl "60"]

1. e4 e6 2. d4 d5 3. c4 dxe4 4. Nc3 Nf6 5. Be3 Bd7 6. Qb3 a5 7. Qxb7 Bc6 8.
Qb3 Bb4 9. a3 Bxc3+ 10. bxc3 O-O 11. Bg5 Nbd7 12. Rb1 Rb8 13. Qc2 Rxb1+ 14.
Qxb1 Qb8 15. Qc2 h6 16. Bh4 Qb7 17. c5 Rb8 18. Be2 Qb1+ 19. Qxb1 Rxb1+ 20.
Kd2 g5 21. Bg3 Nd5 22. c4 Nf4 23. Bxf4 gxf4 24. Kc2 Ra1 25. Kb2 Re1 26. Kc2
Ba4+ 27. Kb2 Nf6 28. h3 e3 29. fxe3 fxe3 30. Bf3 Kf8 31. d5
{Gallego forfeits on time} 1-0

[Event "ICS rated blitz match"]
[Site "192.231.221.16"]
[Date "1997.02.11"]
[Round "-"]
[White "Brause"]
[Black "PET"]
[Result "1-0"]
[WhiteElo "2301"]
[BlackElo "1837"]
[TimeControl "300"]

1. e4 e6 2. d4 d5 3. c4 dxe4 4. Nc3 Nf6 5. f3 e3 6. Bxe3 b6 7. Bd3 Ba6 8.
Nge2 Be7 9. O-O O-O 10. d5 exd5 11. cxd5 Bxd3 12. Qxd3 c6 13. Rfd1 cxd5 14.
Nf4 Na6 15. Qxa6
{PET resigns} 1-0

[Event "ICS rated blitz match"]
[Site "164.58.253.13"]
[Date "1997.02.12"]
[Round "-"]
[White "Brause"]
[Black "CME"]
[Result "1-0"]
[WhiteElo "2281"]
[BlackElo "2105"]
[TimeControl "120+12"]

1. e4 e6 2. d4 d5 3. c4 dxe4 4. Nc3 Nf6 5. f3 c5 6. d5 exf3 7. Nxf3 exd5 8.
cxd5 Bd6 9. Bb5+ Bd7 10. Qe2+ Qe7 11. Bxd7+ Nbxd7 12. Qxe7+ Bxe7 13. Bf4
Nh5 14. Be3 a6 15. O-O O-O 16. d6 Bf6 17. Nd5 b5 18. g4 Bxb2 19. Rab1 Nhf6
20. Ne7+ Kh8 21. Rxb2 Nxg4 22. Re2 Nxe3 23. Rxe3 Rad8 24. Nc6 Rc8 25. Re7
Nb6 26. Nfe5 f6 27. d7 Nxd7 28. Nxd7
{CME resigns} 1-0

[Event "ICS rated blitz match"]
[Site "164.58.253.13"]
[Date "1997.02.12"]
[Round "-"]
[White "Brause"]
[Black "CME"]
[Result "1-0"]
[WhiteElo "2283"]
[BlackElo "2088"]
[TimeControl "360"]

1. e4 e6 2. d4 d5 3. c4 dxe4 4. Nc3 Nf6 5. f3 exf3 6. Nxf3 Nc6 7. d5 exd5
8. cxd5 Nb8 9. Qd4 Be7 10. Bc4 O-O 11. O-O Nbd7 12. Na4 a6 13. Bf4 b5 14.
d6 Bxd6 15. Bxd6 cxd6 16. Bd5 Rb8 17. Nc3 Qb6 18. Rad1 Bb7 19. Qxb6 Nxb6
20. Bxb7 Rxb7 21. Rxd6 Nc4 22. Rxa6 Nxb2 23. Rb1 Nd3 24. Rd6 Nc5 25. Rxb5
Rxb5 26. Nxb5 Nfe4 27. Rc6 g6 28. Nfd4 h5 29. Rc7 Rd8 30. Kf1 Na6 31. Ra7
Nac5 32. a4 Kg7 33. a5 g5 34. a6 Kg6 35. Rc7 f6 36. a7 Re8 37. Rxc5 Nxc5
38. Nc7 Rc8 39. Nc6 Ra8 40. Nxa8
{CME resigns} 1-0

[Event "ICS rated blitz match"]
[Site "164.58.253.13"]
[Date "1997.02.12"]
[Round "-"]
[White "Brause"]
[Black "CME"]
[Result "1-0"]
[WhiteElo "2280"]
[BlackElo "2103"]
[TimeControl "120+12"]

1. e4 e6 2. d4 d5 3. c4 dxe4 4. Nc3 Nf6 5. Be3 Bb4 6. Qb3 Na6 7. c5 Bxc3+
8. bxc3 c6 9. Bxa6 bxa6 10. Qa4 Qc7 11. Bg5 O-O 12. Bxf6 gxf6 13. Ne2 a5
14. Nc1 Rb8 15. Nb3 Rb5 16. O-O Ba6 17. Rfc1 Rd8 18. c4 Rb4 19. Qxa5 Qxa5
20. Nxa5 Ra4 21. Nxc6 Rc8 22. Ne7+
{CME resigns} 1-0

[Event "ICS rated blitz match"]
[Site "164.58.253.13"]
[Date "1997.02.12"]
[Round "-"]
[White "Brause"]
[Black "wangle"]
[Result "1-0"]
[WhiteElo "2274"]
[BlackElo "2097"]
[TimeControl "240"]

1. e4 e6 2. d4 d5 3. c4 dxe4 4. Nc3 Nf6 5. Be3 Bb4 6. Qb3 Nc6 7. a3 Bxc3+
8. Qxc3 O-O 9. Be2 Ne7 10. Nh3 Nf5 11. O-O b6 12. Nf4 Bb7 13. b4 Qd7 14.
Nh5 Nxh5 15. Bxh5 Rad8 16. Rfd1 Nxe3 17. Qxe3 f5 18. Qg5 Kh8 19. Qh4 Qd6
20. c5 Qd5 21. Qe7 Qd7 22. Qg5 Qd5 23. Qe7 Qd7 24. Qg5 g6 25. Be2 Bd5 26.
Rd2 Kg7 27. cxb6 cxb6 28. Rc1 Rc8 29. Rcc2 h6 30. Qf4 Kh7 31. Ba6 Rxc2 32.
Rxc2 Rf7 33. Be2 Qa4 34. Rc3 a5 35. Rh3 h5 36. Qg5 axb4 37. Bxh5 Kg8 38.
Qxg6+ Rg7 39. Qf6 Qxa3 40. Bf7+ Rxf7 41. Rh8#
{wangle checkmated} 1-0

[Event "ICS rated blitz match"]
[Site "164.58.253.13"]
[Date "1997.02.12"]
[Round "-"]
[White "Brause"]
[Black "ForgacsJ"]
[Result "0-1"]
[WhiteElo "2275"]
[BlackElo "2154"]
[Annotator "Heikkinen, Jyrki"]
[TimeControl "180+6"]

1. e4 e6 2. d4 d5 3. c4 dxe4 4. Nc3 Bb4 5. Qb3 Nc6 6. Be3 a5 7. d5 Ne5
8. a3 Be7 9. dxe6 Bxe6 10. Qxb7 Nd3+ 11. Bxd3 exd3 12. Nb5 Rc8 13. Nf3
Nf6 14. Bf4 O-O 15. Bxc7 d2+ 16. Nxd2 Qd3 17. Bxa5 Bxc4 18. Nc3 Bc5
19. Nxc4 Qxc4 {19... Bxf2+! 20. Kxf2 Ng4+ 21. Ke1 Rfe8+ -+} 20. Qf3
Rfe8+ 21. Ne2 Rxe2+ 22. Qxe2 Re8 23. Qxe8+ Nxe8 24. Bc3 Bd4 25. Bxd4
Qxd4 26. O-O Qxb2 27. Rfe1 Kf8 28. Rad1 Qb8 29. Rd4 g6 30. a4 Qb6 31.
Red1 Nc7 32. Rd7 Ne6 33. R7d5 Nc5 34. a5 Qa7 35. h3 Ne4 36. R1d4 Nc3
37. Rd8+ Kg7 38. R8d7 Qxa5 39. Rd3 Ne4 40. Rf3 Qa1+ 41. Kh2 Qe5+ 42.
Kg1 Ng5 43. Re3 Qa1+ 44. Kh2 h5 45. Ree7 Qa2 46. h4 Nh7 47. f3 Nf6 48.
Rc7 Qd5 49. Kg3 Ng8 50. Red7 Qe5+ 51. Kf2 Nh6 52. g3 Qb2+ 53. Kg1 Qe2
54. f4 Qf3 55. f5 Qxf5 56. Re7 Qf3 57. g4 Qxg4+ 58. Kf2 Qxh4+ 59. Ke2
Qg4+ 60. Kd3 h4 61. Kc3 h3 62. Rc4 Qg3+ 63. Kb2 Qg2+ 64. Rc2 Qg3 65.
Rc4 h2 66. Rc1 Qg2+ 67. Kb1 h1=Q 68. Rxh1 Qxh1+ 69. Kb2 Qg2+ 70. Kb1
Qf1+ 71. Kc2 Qc4+ 72. Kd1 Qd5+ 73. Ke1 Nf5 74. Re8 g5 75. Re2 g4 76.
Re8 g3 77. Re2 Qf3 78. Kd2 Nd4 79. Re3 Qf2+ 80. Kd3 Nf5 81. Re8 g2 82.
Rd8 g1=Q 83. Rg8+ Kxg8 84. Kc4 Qc2+ 85. Kb5 Qgb1+ 86. Ka6 Qca2#
{Brause checkmated} 0-1

[Event "ICS rated lightning match"]
[Site "164.58.253.13"]
[Date "1997.02.12"]
[Round "-"]
[White "Brause"]
[Black "main"]
[Result "1/2-1/2"]
[WhiteElo "2295"]
[BlackElo "1919"]
[TimeControl "120+1"]

1. e4 e6 2. d4 d5 3. c4 dxe4 4. Nc3 f5 5. f3 exf3 6. Nxf3 Nf6 7. Bg5 Be7 8.
Ne5 Nbd7 9. Qa4 c6 10. O-O-O O-O 11. Kb1 a6 12. Bf4 Nb6 13. Qa5 Nbd7 14.
Qa4 Nb6 15. Qa5 Nbd7 16. Qa4
{Game drawn by repetition} 1/2-1/2

[Event "ICS rated blitz match"]
[Site "164.58.253.13"]
[Date "1997.02.15"]
[Round "-"]
[White "Brause"]
[Black "CME"]
[Result "1-0"]
[WhiteElo "2270"]
[BlackElo "2058"]
[TimeControl "120+12"]

1. e4 e6 2. d4 d5 3. c4 dxe4 4. Nc3 Nf6 5. Be3 Bb4 6. Qb3 a5 7. a3 Bxc3+ 8.
Qxc3 O-O 9. Bg5 Nbd7 10. Qg3 c6 11. Ne2 h6 12. Bxh6 Nh5 13. Qh3 gxh6 14.
Qxh5 Qg5 15. Qxg5+ hxg5 16. O-O-O Nb6 17. Nc3 f5 18. f3 exf3 19. gxf3 Kf7
20. h4 Bd7 21. hxg5 Rh8 22. Be2 Kg6 23. f4 Rag8 24. b3 Be8 25. Bf3 Bf7 26.
Rxh8 Rxh8 27. Rh1 Rxh1+ 28. Bxh1 Kh5 29. Bf3+ Kh4 30. Kd2 Nc8 31. Na4 Nd6
32. Nc5 b6 33. Nd3 Be8 34. c5 bxc5 35. Nxc5 Nb5 36. Nxe6 Nxa3 37. Bd1 Nb5
38. Ke3 Bf7 39. Nd8
{CME resigns} 1-0

[Event "ICS rated blitz match"]
[Site "164.58.253.13"]
[Date "1997.02.15"]
[Round "-"]
[White "Brause"]
[Black "CME"]
[Result "1-0"]
[WhiteElo "2267"]
[BlackElo "2066"]
[TimeControl "300"]

1. e4 e6 2. d4 d5 3. c4 dxe4 4. Nc3 Nf6 5. Nge2 c5 6. Bg5 cxd4 7. Nxd4 Be7
8. Be2 O-O 9. O-O Nc6 10. Nxc6 bxc6 11. Qc2 Qb6 12. Nxe4 Rb8 13. b3 Qd4 14.
Rad1 Qxe4 15. Qxe4 Nxe4 16. Bxe7 Nc3 17. Bf3 Nxd1 18. Rxd1 Bb7 19. Bxf8
Kxf8 20. Rd7 Ke8 21. Rxb7 Rxb7 22. Bxc6+ Rd7 23. f3 Ke7 24. Bxd7 Kxd7 25.
Kf2 Kc6 26. Ke3 Kc5 27. Ke4 f6 28. f4 a5 29. g3
{CME resigns} 1-0

[Event "ICS rated blitz match"]
[Site "164.58.253.13"]
[Date "1997.02.15"]
[Round "-"]
[White "Brause"]
[Black "CME"]
[Result "1-0"]
[WhiteElo "2269"]
[BlackElo "2060"]
[TimeControl "300"]

1. e4 e6 2. d4 d5 3. c4 dxe4 4. Nc3 Nf6 5. Be3 Bb4 6. Qb3 Qe7 7. a3 Bxc3+
8. Qxc3 h6 9. d5 exd5 10. cxd5 O-O 11. Bc5 Qd7 12. Bxf8 Kxf8 13. Qc5+ Kg8
14. Rd1 b6 15. Qb5 Qxb5 16. Bxb5 Bb7 17. Bc4 Nbd7 18. Rd4 Ne5 19. Ne2 Nxc4
20. Rxc4 Nxd5 21. Rxe4 Nf6 22. Rc4 c5 23. f3 Re8 24. Kf2 Nd5 25. Ng3 Ba6
26. Ra4 Bb5 27. Rxa7 Nf4 28. Rb1
{CME resigns} 1-0

[Event "ICS rated blitz match"]
[Site "164.58.253.13"]
[Date "1997.02.15"]
[Round "-"]
[White "Brause"]
[Black "CME"]
[Result "1-0"]
[WhiteElo "2271"]
[BlackElo "2054"]
[TimeControl "300"]

1. e4 e6 2. d4 d5 3. c4 dxe4 4. Nc3 Nf6 5. Nge2 c5 6. Bg5 Be7 7. dxc5 Na6
8. Qxd8+ Bxd8 9. Bxf6 Bxf6 10. Nxe4 Bxb2 11. Rb1 Ba3 12. Nd6+ Ke7 13. Nxc8+
Rhxc8 14. Rxb7+ Rc7 15. Rxc7+ Nxc7 16. Nc3 Bxc5 17. Ne4 Bd4 18. Ke2 Rb8 19.
Kd3 Bb6 20. c5 Ba5 21. Ke3 Nd5+ 22. Kd4 Rb4+ 23. Bc4 Nf6 24. Nxf6 Kxf6 25.
Rf1 Rb7 26. Bb3 Rd7+ 27. Kc4 Ke7 28. Kb5 Bc3 29. c6 Rc7 30. Rd1 Be5 31. Kc5
Rc8 32. Rd7+
{CME resigns} 1-0

[Event "ICS rated blitz match"]
[Site "164.58.253.13"]
[Date "1997.02.15"]
[Round "-"]
[White "Brause"]
[Black "CME"]
[Result "1-0"]
[WhiteElo "2273"]
[BlackElo "2049"]
[TimeControl "300"]

1. e4 e6 2. d4 d5 3. c4 dxe4 4. Nc3 Nf6 5. Be3 Bb4 6. Qb3 Nc6 7. a3 Ba5 8.
Be2 O-O 9. Rd1 Qe7 10. Qc2 Bxc3+ 11. Qxc3 h6 12. d5 exd5 13. cxd5 Nxd5 14.
Rxd5 Re8 15. Bb5 Bd7 16. Ne2 a6 17. Ba4 b5 18. Bb3 b4 19. axb4 Be6 20. Qxc6
Bxd5 21. Qxd5
{CME resigns} 1-0

[Event "ICS rated blitz match"]
[Site "164.58.253.13"]
[Date "1997.02.15"]
[Round "-"]
[White "Brause"]
[Black "CoolIce"]
[Result "0-1"]
[WhiteElo "2277"]
[BlackElo "2255"]
[TimeControl "180+5"]

1. e4 e6 2. d4 d5 3. c4 dxe4 4. Nc3 Nf6 5. Be3 Nc6 6. d5 exd5 7. cxd5 Nb4
8. Qa4+ Bd7 9. Qb3 Bd6 10. a3 Nd3+ 11. Bxd3 exd3 12. Qxb7 Rb8 13. Qa6 Rxb2
14. Qxd3 O-O 15. Nf3 a5 16. O-O Qa8 17. Bd4 Nxd5 18. Bxg7 Nf4 19. Qd4 Ne6
20. Qg4 f5 21. Qc4 Kxg7 22. Rfe1 Nf4 23. Na4 Rbb8 24. Nc5 Bb5 25. Qd4+ Kg8
26. Ne6 Nxe6 27. Rxe6 Rb6 28. Ne5 Bxe5 29. Qxe5 Rxe6 30. Qxe6+ Rf7 31. Rd1
Qe4 32. Qd5 Qxd5 33. Rxd5 c6 34. Rd8+ Kg7 35. g3 Re7 36. Rd6 Re4 37. Rd7+
Kg6 38. Kg2 Ra4 39. Rd6+ Kf7 40. Rd7+ Ke6 41. Rxh7 Rxa3 42. Rc7 Rc3 43. h4
Be2 44. f4 a4 45. Kf2 Bg4 46. Rb7 a3 47. Ra7 Kd5 48. Ra8 Kc4 49. Ke1 Rxg3
50. Ra6 c5 51. Kf2 Rf3+ 52. Kg2 Kb3 53. Rb6+ Kc2 54. Rc6 a2 55. Rxc5+ Kb2
56. Rb5+ Rb3 57. Ra5 Ra3 58. Rb5+ Kc3 59. Rc5+ Kd2 60. Rd5+ Ke3 61. Re5+
Kxf4 62. Re1 a1=Q 63. Rxa1 Rxa1 64. h5 Ra2+ 65. Kf1 Bf3 66. h6 Ke3 67. Kg1
Rg2+ 68. Kh1 f4 69. h7 Rg7+ 70. Kh2 Rxh7+ 71. Kg1 Rh1#
{Brause checkmated} 0-1

[Event "ICS rated blitz match"]
[Site "164.58.253.13"]
[Date "1997.02.15"]
[Round "-"]
[White "Brause"]
[Black "CME"]
[Result "1-0"]
[WhiteElo "2283"]
[BlackElo "2050"]
[TimeControl "120+12"]

1. e4 e6 2. d4 d5 3. c4 dxe4 4. Nc3 Nf6 5. Nge2 c5 6. d5 exd5 7. cxd5 Bd6
8. Nxe4 Nxe4 9. Qa4+ Nd7 10. Qxe4+ Qe7 11. Qxe7+ Kxe7 12. Nc3 Nb6 13. Bd3
Re8 14. O-O g6 15. Re1+
{CME resigns} 1-0

[Event "ICS rated blitz match"]
[Site "164.58.253.13"]
[Date "1997.02.16"]
[Round "-"]
[White "Brause"]
[Black "CME"]
[Result "1-0"]
[WhiteElo "2280"]
[BlackElo "2057"]
[TimeControl "120+12"]

1. e4 e6 2. d4 d5 3. c4 dxe4 4. Nc3 Nf6 5. Be3 Be7 6. Qa4+ Qd7 7. Qxd7+
Bxd7 8. Be2 O-O 9. Nh3 h6 10. O-O a6 11. Nf4 Nc6 12. d5 exd5 13. Nfxd5 Nxd5
14. Nxd5 Bd6 15. Bxh6 Be5 16. Bf4 Bxf4 17. Nxf4 Nd4 18. Rad1 Nxe2+ 19. Nxe2
Rad8 20. Rd4 Bc6 21. b3 b6 22. g3 Rfe8 23. Rfd1 Rxd4 24. Nxd4 Bb7 25. Kf1
f6 26. Nf5 Bc6 27. h4 Kf7 28. h5 Re5 29. g4 Re8 30. Ke2 g6 31. Ng3 gxh5 32.
gxh5 Ke6 33. h6 Ke5 34. Rh1 Rh8 35. Ke3 f5 36. Rh5 Bd7 37. Nxe4 Be8 38. f4+
Ke6 39. Ng5+ Kf6 40. Rh4 Kg6 41. h7 Bf7 42. Kd4 Rd8+ 43. Kc3 Rh8 44. Rh1
Kg7 45. Rd1
{CME resigns} 1-0

[Event "ICS rated blitz match"]
[Site "164.58.253.13"]
[Date "1997.02.16"]
[Round "-"]
[White "Brause"]
[Black "CME"]
[Result "1-0"]
[WhiteElo "2282"]
[BlackElo "2051"]
[TimeControl "300"]

1. e4 e6 2. d4 d5 3. c4 dxe4 4. Nc3 Nf6 5. f3 c5 6. d5 exd5 7. cxd5 exf3 8.
Nxf3 Bd6 9. Bb5+ Bd7 10. Qe2+ Qe7 11. Bxd7+ Nbxd7 12. Qxe7+ Kxe7 13. O-O a6
14. Nh4 Ne5 15. Nf5+ Kd7 16. Nxg7 Nfg4 17. h3
{CME resigns} 1-0